00618nam a2200169Ia 4500008004100000082001400041100002700055245005100082260002600133300001100159440002600170500004900196650006600245740003200311952008800343999001700431120622s9999 xx 000 0 und d a842 G328t aGenet, Jean, 1910-1986 aTeatro : Los biombos ; Los negros / Jean Genet aBuenos Aires : Losada a249 p. aGran teatro del mundo aTraducción de: Les paravents, Les négres a1. DRAMA FRANCES \ 2. TEATRO FRANCES \ 3. LITERATURA FRANCESA aLos biombos \ Los negrosÌ 00104070a01b01d2007-01-25l0o842 G328Tp01 009021r2012-06-24w2012-06-24yLB c58774d58774